Les 20 pays les plus peuplés du monde - Statistiques

Statistiques générales
  • Ce quiz a été pris 1 967 fois
  • Le résultat moyen est 14 sur 20
Statistiques - réponses
Hint Réponse % Correct
1 Chine
99%
2 Inde
96%
9 Russie
92%
5 Brésil
90%
20 France
90%
3 États-Unis
89%
10 Japon
88%
16 Allemagne
82%
11 Mexique
77%
4 Indonésie
75%
6 Pakistan
66%
7 Nigéria
64%
15 Égypte
58%
18 République démocratique du Congo
57%
8 Bangladesh
54%
19 Turquie
54%
17 Iran
50%
14 Viet Nam
42%
13 Éthiopie
38%
12 Philippines
32%
Aucun quiz correspondant
Distribution des résultats
% des personnes avec chaque résultat
Percentile par nombre de réponses
Votre historique - résultats
Vous n’avez pas pris ce quiz